Ohio Presidents - Statistics

General Stats
  • This quiz has been taken 10 times
  • The average score is 7 of 8
Answer Stats
Hint Answer % Correct
Born in a log cabin, he served as major general during the civil war. 2nd president to be assainated. James A Garfield
100%
He’s the whiskey loving general, known for his “unconditional” approach. Ulysses S Grant
100%
A popular president in life. After his in office death, numerous scandals involving corruption and affairs surfaced and tarnished his reputation. Warren G Harding
100%
Born in Cincinnati, he’s known to be a man of great size. He became Chief Justice after his presidency William Howard Taft
100%
President at the turn of the century. He blamed the Maine on Spain and got shot by an anarchist. William McKinley
100%
Another civil war vet, he succeeded number 2, though his election was extremely controversial. Rutherford B Hayes
88%
Grandson of #1. His great grandfather also signed the Declaration of Independence. He’s sandwiched between Grover Cleveland. Benjamin Harrison
75%
Virginia also claims this man because of his birthplace but he later lived in and represented Ohio. He’s the shortest reigning president at just 32 days. William Henry Harrison
75%
No matching quizzes found
Score Distribution
Percent of People with Each Score
Percentile by Number Answered
Your Score History
You have not taken this quiz